000 00764nas a2200253 4500
001 BR7601316
003 BR-BrBNA
005 20231205082931.0
007 ta
008 230509b bl.|||p| |||| 00| 00por d
040 _aBR-BrBNA
_bpor
_cBiblioteca Nacional de Agricultura
041 _a(Pt)
072 _aL73
100 1 _aMagalhaes, H.M.
100 1 _aBoelter, R.
100 1 _aTrindade, D.B.
245 1 _aDL. 50 do extrato aquoso do fungo Ramaria flavo - Brunnescens para camundongos [Brasil]
650 _aFUNGO
650 _aCAMUNDONGO
650 _aTOXIDEZ
773 0 _tRevista do Centro de Ciencias Rurais (Brazil)
_xISSN 0085-5901
_g(Jun 1975), v. 5(2) p. 131-134
_wBR7601316
909 _a202311
_bLúcia
_c55
_dLúcia Elande
942 _2AGRIS
_n0
_cANA
999 _c95202
_d95202